[Event "TCh-ESP"]
[Site "Lanzarote ESP"]
[Date "2003.05.08"]
[Round "3"]
[White "Graf,A"]
[Black "Campos Moreno,J"]
[Result "1-0"]
[WhiteElo "2630"]
[BlackElo "2480"]
[EventDate "2003.05.06"]

1. Nf3 d5 2. d4 Nf6 3. c4 e6 4. Nc3 Nbd7 5. cxd5 exd5 6. Bf4 c6 7. Qc2 Nh5
8. Bd2 Bd6 9. O-O-O O-O 10. Ng5 Ndf6 11. h3 b5 12. g4 Nf4 13. e3 Ne6 14. h4
b4 15. Na4 Bd7 16. Bd3 c5 17. Nxe6 Bxa4 18. Nxd8 Bxc2 19. Kxc2 Rfxd8 20.
dxc5 Bxc5 21. f3 Nd7 22. b3 Ne5 23. Be2 a5 24. f4 Nd7 25. g5 a4 26. Bc1
axb3+ 27. axb3 Nb6 28. Kb1 Re8 29. Rd3 Re7 30. Rh3 Rae8 31. Bf1 d4 32. exd4
Bd6 33. Rhe3 Nd5 34. Rxe7 Rxe7 35. Rf3 Re4 36. Bc4 Rxd4 37. f5 Nc3+ 38. Kc2
Rxh4 39. g6 Kf8 40. Bxf7 Ne4 41. Bc4 hxg6 42. fxg6+ Nf6 43. Bg5 Rd4 44. Rf1
Be5 45. Rf5 Bd6 46. Be6 Be7 47. Rf1 Re4 48. Bc4 Rg4 49. Rf5 Ke8 50. Ra5 Kd7
51. Bf7 Bd6 52. Ra7+ Kd8 53. Be3 Bc7 54. Bc5 1-0

[Event "TCh-ESP"]
[Site "Lanzarote ESP"]
[Date "2003.05.08"]
[Round "3"]
[White "Rodriguez,Or"]
[Black "Giorgadze,G"]
[Result "0-1"]
[WhiteElo "2464"]
[BlackElo "2593"]
[EventDate "2003.05.06"]

1. d4 d5 2. c4 e6 3. Nf3 Nf6 4. e3 b6 5. Bd3 Bb7 6. O-O Nbd7 7. Nc3 Bd6 8.
Qc2 dxc4 9. Bxc4 Bxf3 10. gxf3 O-O 11. Rd1 c5 12. dxc5 Bxc5 13. b3 Qe7 14.
Bb2 Ba3 15. Bxa3 Qxa3 16. Nb5 Qc5 17. Rac1 Qg5+ 18. Kh1 Qh5 19. Be2 Ne5 20.
Nd4 Rad8 21. Rg1 Qh4 22. Qc7 Ng6 23. Rg2 Rxd4 24. exd4 Nf4 25. Bf1 Nxg2 26.
Kxg2 Qg5+ 27. Kh1 Nd5 28. Qc2 Qf4 29. Qd1 Rd8 30. Rc2 g6 31. Bc4 Nc7 32.
Rd2 b5 33. Bf1 Nd5 34. Rd3 Rc8 35. Qd2 Rc1 36. Kg2 Qc7 0-1

[Event "TCh-ESP"]
[Site "Lanzarote ESP"]
[Date "2003.05.08"]
[Round "3"]
[White "Teran Alvarez,I"]
[Black "Damljanovic,B"]
[Result "0-1"]
[WhiteElo "2385"]
[BlackElo "2587"]
[EventDate "2003.05.06"]

1. e4 c5 2. Nf3 d6 3. d4 cxd4 4. Nxd4 Nf6 5. Nc3 Nc6 6. Bg5 e6 7. Qd2 Qb6
8. O-O-O Nxd4 9. Qxd4 Qxd4 10. Rxd4 a6 11. Be2 Bd7 12. Rhd1 Bc6 13. f3 Be7
14. Kb1 Rd8 15. Bh4 h5 16. R4d2 Nxe4 17. Nxe4 Bxh4 18. Nxd6+ Ke7 19. Nc4
Rxd2 20. Rxd2 Bg5 21. Rd1 Bb5 22. b3 Bf4 23. h3 Bc7 24. c3 h4 25. Kc2 Bc6
26. a4 f5 27. Bd3 Kf6 28. Re1 Re8 29. Ne3 Kg5 30. Nf1 Kf4 31. Bc4 e5 32.
Ne3 Rd8 33. Be6 g6 34. c4 Ba5 35. Re2 Bxf3 36. Rf2 e4 37. Nd5+ Kg3 0-1

[Event "TCh-ESP"]
[Site "Lanzarote ESP"]
[Date "2003.05.08"]
[Round "3"]
[White "Corral Blanco,J"]
[Black "Campora,D"]
[Result "1/2-1/2"]
[WhiteElo "2456"]
[BlackElo "2506"]
[EventDate "2003.05.06"]

1. d4 Nf6 2. c4 e6 3. Nc3 Bb4 4. a3 Bxc3+ 5. bxc3 c5 6. f3 d5 7. cxd5 exd5
8. e3 O-O 9. Bd3 b6 10. Ne2 Ba6 11. Bxa6 Nxa6 12. Qd3 Nc7 13. O-O Ne6 14.
Bb2 Rc8 15. Rad1 Qc7 16. Rd2 cxd4 17. cxd4 Qc4 18. Rc1 Qxd3 19. Rxd3 Rxc1+
20. Bxc1 Rc8 21. Rc3 Rxc3 22. Nxc3 Kf8 23. a4 Ke7 1/2-1/2

[Event "TCh-ESP"]
[Site "Lanzarote ESP"]
[Date "2003.05.08"]
[Round "3"]
[White "Narciso Dublan,M"]
[Black "Bellon Lopez,JuM"]
[Result "1-0"]
[WhiteElo "2501"]
[BlackElo "2422"]
[EventDate "2003.05.06"]

1. d4 e6 2. e4 c5 3. d5 exd5 4. exd5 d6 5. c4 Nf6 6. Nc3 Be7 7. Nge2 g6 8.
Ng3 h5 9. Bd3 h4 10. Nge4 Nxe4 11. Bxe4 Nd7 12. O-O h3 13. g3 Nf6 14. Bd3
Bf5 15. Bxf5 gxf5 16. Re1 Qd7 17. Bg5 Ng8 18. Qd2 O-O-O 19. b4 Bxg5 20.
Qxg5 cxb4 21. Nb5 a6 22. Nd4 Rh6 23. Reb1 Rf6 24. Qd2 f4 25. Rxb4 fxg3 26.
hxg3 Qg4 27. Qe3 Rd7 28. Rab1 Re7 29. Rxb7 Qd1+ 30. Rxd1 Rxe3 31. Ra7 h2+
32. Kg2 Re8 33. Rb1 h1=Q+ 34. Kxh1 Re7 35. Ra8+ Kc7 36. Rxg8 Rxf2 37. Rgb8
Re1+ 38. Rxe1 Kxb8 39. Re2 1-0

[Event "TCh-ESP"]
[Site "Lanzarote ESP"]
[Date "2003.05.08"]
[Round "3"]
[White "Arizmendi Martinez,J"]
[Black "Fernandez Garcia,Jo"]
[Result "1/2-1/2"]
[WhiteElo "2516"]
[BlackElo "2452"]
[EventDate "2003.05.06"]

1. e4 e5 2. Nf3 Nc6 3. d4 exd4 4. Nxd4 Bc5 5. Be3 Qf6 6. c3 Nge7 7. Bc4 b6
8. O-O Bb7 9. Nb5 O-O-O 10. Bxc5 bxc5 11. Bd5 h5 12. Nd2 h4 13. Re1 h3 14.
g3 Nxd5 15. exd5 Ne5 16. f4 Nd3 17. Ne4 Qb6 18. Nxa7+ Qxa7 19. Qxd3 c4+ 20.
Qd4 Qxd4+ 1/2-1/2

[Event "TCh-ESP"]
[Site "Lanzarote ESP"]
[Date "2003.05.08"]
[Round "3"]
[White "Toledano Llinares,J"]
[Black "Granados Gomez,M"]
[Result "0-1"]
[WhiteElo "2357"]
[BlackElo "2417"]
[EventDate "2003.05.06"]

1. e4 e5 2. Nf3 Nc6 3. Bc4 Nf6 4. d3 Be7 5. Nc3 d6 6. a3 O-O 7. Be3 h6 8.
h3 Re8 9. g4 Nh7 10. Qd2 Ng5 11. Nxg5 Bxg5 12. Bxg5 hxg5 13. O-O-O Nd4 14.
Ne2 Nf3 15. Qe3 Nh4 16. Ng3 g6 17. Rdg1 Kg7 18. Ne2 c6 19. d4 Qf6 20. d5
Bd7 21. Rg3 b5 22. dxc6 Bxc6 23. Ba2 a5 24. Nc3 b4 25. Bd5 Rec8 26. Bxc6
Rxc6 27. Nd5 Qd8 28. Rd1 Rb8 29. Kb1 Rc4 30. a4 Rbc8 31. Nb6 Rxc2 32. Nxc8
Qxc8 33. Rc1 b3 34. Qe1 Qc4 35. Rc3 Rxc1+ 36. Kxc1 Qxa4 37. Kd2 Qa2 38. Qc1
a4 39. Rg3 a3 40. Kc3 axb2 41. Qxb2 Qa4 42. Qe2 Qa3 43. Qb2 Qa8 44. Qe2 Qa4
45. Qc4 Qa2 46. Qxb3 Qxf2 47. Rd3 Nf3 48. Qd5 Nd4 49. Rxd4 Qxd4+ 50. Qxd4
exd4+ 51. Kxd4 Kf6 52. Kd5 Ke7 53. e5 dxe5 54. Kxe5 f6+ 55. Kd5 Kd7 56. Kc5
Ke6 57. Kd4 Kd6 58. Ke4 Kc5 59. Ke3 Kd5 60. Kd3 Ke5 61. Ke3 f5 62. gxf5
gxf5 63. Kf3 Kd4 64. Kf2 Ke4 65. Ke2 f4 66. Kf2 f3 67. Kf1 Ke3 68. Ke1 f2+
69. Kf1 Kf3 0-1

[Event "TCh-ESP"]
[Site "Lanzarote ESP"]
[Date "2003.05.08"]
[Round "3"]
[White "Moreno Carnero,J"]
[Black "Lezcano Jaen,P"]
[Result "1/2-1/2"]
[WhiteElo "2504"]
[BlackElo "2404"]
[EventDate "2003.05.06"]

1. e4 Nf6 2. e5 Nd5 3. d4 d6 4. Nf3 dxe5 5. Nxe5 c6 6. Bd3 Nd7 7. Nf3 N7f6
8. a3 Bg4 9. O-O e6 10. h3 Bh5 11. c4 Nb6 12. Be3 Nbd7 13. Nbd2 Bd6 14. Qc2
O-O 15. Ng5 Bg6 16. Bxg6 hxg6 17. Nde4 Nxe4 18. Qxe4 Be7 19. Nf3 Nf6 20.
Qe5 Ne8 21. Rfd1 Nd6 22. Rac1 Bf6 23. Qc5 Nf5 24. Bf4 Be7 25. Qe5 Qb6 26.
Qe2 1/2-1/2

[Event "TCh-ESP"]
[Site "Lanzarote ESP"]
[Date "2003.05.08"]
[Round "3"]
[White "Baron Rodriguez,Je"]
[Black "Fernandez Romero,Ern"]
[Result "1/2-1/2"]
[WhiteElo "2418"]
[BlackElo "2413"]
[EventDate "2003.05.06"]

1. e4 e6 2. d4 d5 3. Nc3 Bb4 4. Nge2 Nf6 5. e5 Ne4 6. a3 Nxc3 7. Nxc3 Bxc3+
8. bxc3 c5 9. Bd3 c4 10. Be2 Bd7 11. h4 Ba4 12. h5 h6 13. f4 Nc6 14. Be3
Qa5 15. Qd2 O-O-O 16. g4 f6 17. O-O Rhg8 18. Kh2 Qc7 19. Kh3 Ne7 20. Bf2
1/2-1/2

[Event "TCh-ESP"]
[Site "Lanzarote ESP"]
[Date "2003.05.08"]
[Round "3"]
[White "Franco Ocampos,Z"]
[Black "Martin Gonzalez,An"]
[Result "1-0"]
[WhiteElo "2523"]
[BlackElo "2414"]
[EventDate "2003.05.06"]

1. Nf3 g6 2. c4 Bg7 3. d4 c5 4. e4 cxd4 5. Nxd4 Nc6 6. Be3 Nf6 7. Nc3 Ng4
8. Qxg4 Nxd4 9. Qd1 Ne6 10. Rc1 Qa5 11. Bd3 b6 12. a3 Bb7 13. O-O g5 14.
Bd2 Qe5 15. b4 h5 16. Nd5 g4 17. f4 gxf3 18. Qxf3 f6 19. Bc3 Qg5 20. Rce1
Kd8 21. Qf2 h4 22. Qc2 Rg8 23. Rf5 Qh6 24. Qe2 Bf8 25. e5 Bxd5 26. cxd5 Nf4
27. Rxf4 Qxf4 28. exf6 exf6 29. Rf1 Qg4 30. Bxf6+ Kc7 31. Be5+ 1-0

[Event "TCh-ESP"]
[Site "Lanzarote ESP"]
[Date "2003.05.08"]
[Round "3"]
[White "Estremera Panos,S"]
[Black "Reinaldo Castineira,R"]
[Result "0-1"]
[WhiteElo "2370"]
[BlackElo "2405"]
[EventDate "2003.05.06"]

1. d4 e6 2. c4 c5 3. d5 exd5 4. cxd5 d6 5. Nc3 g6 6. e4 Bg7 7. Nf3 a6 8. h3
Ne7 9. Bd3 O-O 10. O-O b5 11. Bf4 f5 12. e5 dxe5 13. Bxe5 Bxe5 14. Nxe5 Bb7
15. a4 b4 16. d6 Nec6 17. Bc4+ Kh8 18. Nxc6 Nxc6 19. Ne2 Rf6 20. d7 Ne5 21.
Bd5 Rd6 22. Bxb7 Rxd1 23. Raxd1 Ra7 24. Nf4 Nxd7 25. Bc6 Qc8 26. Rfe1 Qxc6
27. Re8+ Kg7 28. Re7+ Kh6 29. g4 fxg4 30. hxg4 Qf6 31. Nd5 Qg5 32. f3 Nf6
33. Rxa7 Nxd5 34. Kf2 Qe3+ 0-1

[Event "TCh-ESP"]
[Site "Lanzarote ESP"]
[Date "2003.05.08"]
[Round "3"]
[White "Barrero Garcia,C"]
[Black "De la Rocha,R"]
[Result "1-0"]
[WhiteElo "2327"]
[BlackElo "2335"]
[EventDate "2003.05.06"]

1. d4 d6 2. Nf3 Bg4 3. e4 Nf6 4. h3 Bh5 5. Nc3 e6 6. Bg5 Be7 7. g4 Bg6 8.
Qe2 c6 9. Bxf6 Bxf6 10. O-O-O Nd7 11. Kb1 Qa5 12. Nd2 Qc7 13. f4 h6 14. f5
Bh7 15. Nb3 O-O-O 16. h4 Rde8 17. Qf2 a6 18. a4 c5 19. e5 dxe5 20. dxc5 h5
21. g5 Be7 22. g6 fxg6 23. fxe6 Nf6 24. Rd7 Qc6 25. Bg2 Qxe6 26. Rxb7 Bd8
27. c6 1-0

[Event "TCh-ESP"]
[Site "Lanzarote ESP"]
[Date "2003.05.08"]
[Round "3"]
[White "Ortega Hermida,D"]
[Black "Candela Perez,J"]
[Result "1-0"]
[WhiteElo "2362"]
[BlackElo "2424"]
[EventDate "2003.05.06"]

1. d4 d6 2. c4 Nf6 3. Nc3 g6 4. g3 Bg7 5. Bg2 O-O 6. Nf3 c6 7. O-O Qb6 8.
h3 Qa6 9. b3 b5 10. cxb5 cxb5 11. Qd3 b4 12. Ne1 Bxh3 13. Bxh3 Qxd3 14.
Nxd3 bxc3 15. Bg2 d5 16. Ba3 Nc6 17. e3 Ne4 18. Nf4 e6 19. Bxf8 Bxf8 20.
Bxe4 dxe4 21. Rac1 Bb4 22. Ne2 Rc8 23. a3 Bxa3 24. Rxc3 a5 25. Rc4 Ne7 26.
Rxc8+ Nxc8 27. Nc3 Nd6 28. Na4 Kf8 29. Ra1 Bb4 30. Nc5 h5 31. Na6 Bc3 32.
Rc1 Nb5 33. Nc7 Bd2 34. Rc2 Nxc7 35. Rxd2 Ke7 36. Ra2 Kd6 37. Rxa5 Kc6 38.
Rc5+ Kb6 39. Kg2 Ne8 40. Kh3 Nd6 41. g4 hxg4+ 42. Kxg4 f6 43. Rc1 Nf7 44.
Kf4 Nd6 45. Rh1 Kc6 46. Rh6 g5+ 47. Kg4 Ne8 48. Kh5 Kd5 49. Rh8 Nd6 50. Rd8
e5 51. dxe5 Kxe5 52. Rxd6 Kxd6 53. Kg4 1-0

[Event "TCh-ESP"]
[Site "Lanzarote ESP"]
[Date "2003.05.08"]
[Round "3"]
[White "Jerez Perez,A"]
[Black "Mullor Gomez,L"]
[Result "1-0"]
[WhiteElo "2415"]
[BlackElo "2348"]
[EventDate "2003.05.06"]

1. d4 Nf6 2. c4 d6 3. g3 Bf5 4. Bg2 Qc8 5. Nc3 e5 6. dxe5 dxe5 7. Nf3 Nbd7
8. O-O c6 9. b3 Qc7 10. Nh4 Be6 11. Qc2 Be7 12. Nf5 Bxf5 13. Qxf5 O-O 14.
Bb2 Rfe8 15. Rfd1 Rad8 16. e3 Nc5 17. Qc2 Rxd1+ 18. Rxd1 Rd8 19. b4 Rxd1+
20. Nxd1 Ncd7 21. Bc3 Qd6 22. c5 Qc7 23. Qa4 a6 24. Nb2 Nd5 25. Bd2 h6 26.
Nc4 Nf8 27. Qb3 Nd7 28. Qd3 b5 29. Na5 e4 30. Qxe4 N7f6 31. Qd4 Bxc5 32.
Nxc6 Qxc6 33. e4 1-0

[Event "TCh-ESP"]
[Site "Lanzarote ESP"]
[Date "2003.05.08"]
[Round "3"]
[White "Villavicencio,A"]
[Black "Vassallo,M"]
[Result "1/2-1/2"]
[WhiteElo "2334"]
[BlackElo "2440"]
[EventDate "2003.05.06"]

1. d4 Nf6 2. c4 g6 3. Nc3 Bg7 4. e4 d6 5. Nf3 O-O 6. Be2 e5 7. O-O exd4 8.
Nxd4 Re8 9. f3 c6 10. Kh1 Nh5 11. g4 Nf6 12. Be3 h5 13. g5 Nh7 14. Rg1 Na6
15. Qd2 Nc7 16. Rad1 Qe7 17. Bf2 Bh3 18. Rg3 Bd7 19. Bf1 Rad8 20. Rg1 Bc8
21. Nc2 b6 22. b4 Bb7 23. b5 d5 24. bxc6 dxe4 25. Nd5 Nxd5 26. cxb7 Nc7 27.
Qe2 Rxd1 28. Qxd1 Ne6 29. Qd5 Rb8 30. Qxe4 Qxb7 31. Qxb7 Rxb7 32. h4 Rd7
33. Be3 Nd4 34. Nxd4 Bxd4 35. Bh3 Bxe3 36. Bxd7 Bxg1 37. Kxg1 Kf8 38. Kf2
Ke7 39. Bc6 Nf8 40. Ke3 Ne6 41. Bb7 Kd7 42. Bd5 Kd6 1/2-1/2

[Event "TCh-ESP"]
[Site "Lanzarote ESP"]
[Date "2003.05.09"]
[Round "4"]
[White "Matamoros Franco,C"]
[Black "Korneev,O"]
[Result "0-1"]
[WhiteElo "2472"]
[BlackElo "2606"]
[EventDate "2003.05.06"]

1. c4 Nf6 2. g3 c6 3. Nf3 d5 4. Bg2 dxc4 5. O-O Nbd7 6. a4 e5 7. Qc2 e4 8.
Ng5 Nc5 9. Qxc4 Qd5 10. Qxd5 cxd5 11. d3 h6 12. Nh3 Nb3 13. Ra2 g5 14. dxe4
dxe4 15. Bd2 Nxd2 16. Nxd2 Be6 17. b3 Rc8 18. Kh1 Bb4 19. Rb1 Ke7 20. Ng1
Nd5 21. Rf1 f5 22. e3 Bc3 23. Nc4 Nb4 24. Ra3 Nc2 25. Ra2 Nb4 26. Ra3 Bxc4
27. bxc4 Rxc4 28. g4 fxg4 29. Bxe4 Bb2 30. Rb3 Rxe4 31. Rxb2 a5 32. Ne2 Rc4
33. Nd4 Rhc8 34. Kg2 b6 35. Rd1 h5 36. Nf5+ Kf6 37. Nd6 Rc1 38. Nxc8 Rxd1
39. h3 gxh3+ 40. Kxh3 g4+ 41. Kh4 Rh1+ 42. Kg3 Kg5 43. Nxb6 h4+ 44. Kg2 Rd1
45. Kh2 Nd3 46. Rb5+ Kh6 47. Nd7 Rd2 48. Ne5 Nxe5 49. Rxe5 Rxf2+ 50. Kg1 g3
51. Re8 Ra2 52. Rg8 Rxa4 53. Kg2 Ra2+ 54. Kf3 g2 0-1

[Event "TCh-ESP"]
[Site "Lanzarote ESP"]
[Date "2003.05.09"]
[Round "4"]
[White "Giorgadze,G"]
[Black "Corral Blanco,J"]
[Result "1-0"]
[WhiteElo "2593"]
[BlackElo "2456"]
[EventDate "2003.05.06"]

1. e4 c5 2. Nc3 Nc6 3. f4 g6 4. Nf3 Bg7 5. Bc4 e6 6. O-O Nge7 7. d3 d5 8.
Bb3 O-O 9. Qe1 Nd4 10. Nxd4 cxd4 11. Nd1 a5 12. a4 f5 13. Nf2 Bd7 14. Bd2
Kh8 15. Kh1 Bc6 16. exf5 Nxf5 17. Ng4 Qb6 18. Rf3 Qc5 19. Rh3 Bd7 20. Ne5
Be8 21. Nf3 Bf6 22. Qxe6 Bc6 23. Ne5 Bxe5 24. Qxg6 Qe7 25. fxe5 Ne3 26. Qd6
Qxd6 27. exd6 Rf2 28. Bxe3 dxe3 29. Rxe3 Raf8 30. Kg1 d4 31. Rg3 R2f6 32.
Re1 Rxd6 33. Re7 Rg6 34. Rxg6 hxg6 35. Re5 Ra8 36. Re6 Kg7 37. Rd6 Re8 38.
Rxd4 Re2 39. Rg4 Re1+ 40. Kf2 Rb1 41. Rg5 Rxb2 42. Rxa5 Kf6 43. Rc5 Ke7 44.
a5 Kd6 45. Rg5 Be8 46. Rd5+ Kc7 47. Re5 Bd7 48. Re1 Bc6 49. Ke3 1-0

[Event "TCh-ESP"]
[Site "Lanzarote ESP"]
[Date "2003.05.09"]
[Round "4"]
[White "San Segundo Carrillo,P"]
[Black "Teran Alvarez,I"]
[Result "1-0"]
[WhiteElo "2515"]
[BlackElo "2385"]
[EventDate "2003.05.06"]

1. d4 e6 2. c4 f5 3. g3 Nf6 4. Bg2 c6 5. Nf3 d5 6. O-O Bd6 7. b3 Qe7 8. Bb2
b6 9. Ne5 Bb7 10. cxd5 exd5 11. Qc2 g6 12. Nd2 Nbd7 13. Nxd7 Nxd7 14. e4
fxe4 15. f3 e3 16. Rfe1 O-O 17. Nf1 Rae8 18. Nxe3 Qg7 19. Ng4 Re7 20. f4
Rfe8 21. Rxe7 Qxe7 22. Ne5 Nf6 23. Rd1 Qe6 24. h3 Qf5 25. Qc1 Rf8 26. Ba3
Qe6 27. Kh2 c5 28. dxc5 bxc5 29. Bxc5 Rc8 30. b4 Qe7 31. Nd3 Ne4 32. Qb2
Nxc5 33. bxc5 Bxc5 34. Re1 Qf7 35. Ne5 Qg7 36. Rd1 Rd8 37. Qb5 Qe7 38. h4
Kg7 39. Qb2 Qf6 40. Qxb7+ 1-0

[Event "TCh-ESP"]
[Site "Lanzarote ESP"]
[Date "2003.05.09"]
[Round "4"]
[White "Fernandez Romero,Ern"]
[Black "Fernandez Garcia,Jo"]
[Result "0-1"]
[WhiteElo "2413"]
[BlackElo "2452"]
[EventDate "2003.05.06"]

1. e4 e5 2. Nf3 Nc6 3. Nc3 Nf6 4. g3 d5 5. exd5 Nxd5 6. Bg2 Nxc3 7. bxc3
Bc5 8. O-O O-O 9. d3 Bg4 10. Qe1 f6 11. Nd2 Qd7 12. Rb1 Bh3 13. Bxh3 Qxh3
14. Qe4 Bb6 15. c4 f5 16. Qg2 Qxg2+ 17. Kxg2 Rad8 18. Nb3 a5 19. a4 Rfe8
20. Bd2 e4 21. c5 Ba7 22. Nxa5 exd3 23. Nxc6 bxc6 24. Be3 dxc2 25. Rb4 Rxe3
26. fxe3 Rd2+ 27. Kg1 Bxc5 28. Rb8+ Bf8 29. Rb3 g6 30. a5 Bg7 31. a6 Rd1
0-1

[Event "TCh-ESP"]
[Site "Lanzarote ESP"]
[Date "2003.05.09"]
[Round "4"]
[White "Martin Gonzalez,An"]
[Black "Arizmendi Martinez,J"]
[Result "0-1"]
[WhiteElo "2414"]
[BlackElo "2516"]
[EventDate "2003.05.06"]

1. e4 c5 2. Nf3 Nc6 3. d4 cxd4 4. Nxd4 Nf6 5. Nc3 e6 6. Ndb5 d6 7. Bf4 e5
8. Bg5 a6 9. Na3 b5 10. Bxf6 gxf6 11. Nd5 f5 12. Bd3 Be6 13. Qh5 Rg8 14. g3
Rg4 15. h3 fxe4 16. hxg4 Bxd5 17. Be2 Qa5+ 18. c3 Nd4 19. g5 Be6 20. O-O
Nxe2+ 21. Qxe2 d5 22. Nc2 Qd8 23. a4 b4 24. Qe3 bxc3 25. bxc3 Rc8 26. Rfd1
Bc5 27. Qd2 Kf8 28. Rab1 Qe7 29. Nb4 e3 30. fxe3 Qxg5 31. Kf2 Qf5+ 32. Kg2
Qh3+ 33. Kf2 Qh2+ 34. Ke1 Qh1+ 35. Ke2 Bg4+ 36. Kf2 Qh2+ 37. Kf1 Qh1+ 38.
Kf2 Qf3+ 39. Ke1 Bxe3 40. Qh2 Qe4 41. Kf1 Bh3+ 0-1

[Event "TCh-ESP"]
[Site "Lanzarote ESP"]
[Date "2003.05.09"]
[Round "4"]
[White "Lezcano Jaen,P"]
[Black "Franco Ocampos,Z"]
[Result "0-1"]
[WhiteElo "2404"]
[BlackElo "2523"]
[EventDate "2003.05.06"]

1. c4 Nf6 2. g3 c6 3. Nf3 d5 4. b3 Bg4 5. Bg2 Nbd7 6. Bb2 e6 7. O-O Bd6 8.
Na3 O-O 9. d3 a5 10. Nc2 Re8 11. Rb1 Bh5 12. Qd2 e5 13. cxd5 cxd5 14. Nh4
Bf8 15. Ba3 Nc5 16. Rfc1 Rc8 17. Bb2 b5 18. b4 axb4 19. Nxb4 Qa5 20. Qe1 d4
21. Ba1 Na4 22. Rxc8 Rxc8 23. Nc6 Qxe1+ 24. Rxe1 Nc3 25. Nxe5 Nxe2+ 26. Kf1
Rc2 27. g4 Bb4 28. Rb1 Nc3 29. Bxc3 dxc3 30. gxh5 Rxa2 0-1

[Event "TCh-ESP"]
[Site "Lanzarote ESP"]
[Date "2003.05.09"]
[Round "4"]
[White "Granados Gomez,M"]
[Black "Campora,D"]
[Result "0-1"]
[WhiteElo "2417"]
[BlackElo "2506"]
[EventDate "2003.05.06"]

1. c4 e5 2. g3 Nf6 3. Bg2 c6 4. d4 e4 5. d5 Bb4+ 6. Bd2 Qe7 7. Nc3 O-O 8.
a3 Bxc3 9. Bxc3 d6 10. e3 Nbd7 11. Ne2 c5 12. O-O Ne5 13. Bxe5 Qxe5 14. Nc3
Bg4 15. Qc2 Rfe8 16. Rfe1 Bf3 17. Nb5 Re7 18. Qc3 Qh5 19. Nxd6 Ng4 20. h3
Bxg2 21. Kxg2 Nxf2 22. Rg1 Rd8 23. Kxf2 Rxd6 24. Kg2 Qe2+ 25. Kh1 Rh6 26.
h4 Rf6 27. Rg2 Qg4 28. Kh2 h5 29. b4 Qc8 30. bxc5 Qxc5 31. Qd4 Qxd4 32.
exd4 Rd6 33. Rb1 Rc7 34. g4 Rxc4 35. Rxb7 Rxd4 36. Rxa7 R6xd5 37. g5 e3 38.
g6 Rxh4+ 39. Kg3 Rg4+ 40. Kf3 Rxg6 41. Rxg6 fxg6 42. Kxe3 Rf5 43. a4 Kh7
44. a5 g5 45. a6 Rf6 46. Ra8 Kg6 47. a7 Rf7 48. Ke4 g4 49. Ke3 Kg5 50. Ke2
Kh4 51. Ke3 g5 0-1

[Event "TCh-ESP"]
[Site "Lanzarote ESP"]
[Date "2003.05.09"]
[Round "4"]
[White "Baron Rodriguez,Je"]
[Black "Toledano Llinares,J"]
[Result "0-1"]
[WhiteElo "2418"]
[BlackElo "2357"]
[EventDate "2003.05.06"]

1. e4 c6 2. d4 g6 3. Nc3 Bg7 4. f4 d5 5. e5 h5 6. Nf3 Nh6 7. Be3 Bf5 8. h3
e6 9. Be2 Bf8 10. Bf2 Be7 11. g3 Nd7 12. Qd2 Qa5 13. Ng5 f6 14. exf6 Nxf6
15. Bd3 Bb4 16. O-O Bxc3 17. bxc3 Nf7 18. Rab1 b6 19. Be1 Nd6 20. Qc1 Nc4
21. Bf2 O-O 22. Re1 Rae8 23. Bxc4 dxc4 24. Qd2 Nd5 25. Rbc1 Qxc3 26. Qe2 b5
27. Qe5 Qa5 28. Qd6 Qc7 29. Qc5 h4 30. Re5 hxg3 31. Bxg3 Nb6 32. Re2 Nd7
33. Qa3 c5 34. dxc5 Qxc5+ 35. Qxc5 Nxc5 36. Re5 Na4 37. c3 a6 38. Bf2 Nb2
39. Re2 Nd3 40. Rd1 Nxf4 41. Re3 Rd8 42. Ree1 Nxh3+ 43. Nxh3 Bxh3 44. Bd4
Rf3 45. Re5 Rxc3 46. Bxc3 Rxd1+ 47. Kf2 Rd3 48. Bb4 Rd5 49. Re1 Bf5 50. Kf3
g5 51. Rg1 Rd3+ 52. Ke2 g4 53. a3 a5 0-1

[Event "TCh-ESP"]
[Site "Lanzarote ESP"]
[Date "2003.05.09"]
[Round "4"]
[White "Mullor Gomez,L"]
[Black "De la Rocha,R"]
[Result "1/2-1/2"]
[WhiteElo "2348"]
[BlackElo "2335"]
[EventDate "2003.05.06"]

1. e4 d6 2. f4 Nf6 3. Nc3 g6 4. Nf3 Bg7 5. Bc4 O-O 6. d3 c6 7. Bb3 Na6 8.
a3 Nc5 9. Ba2 Qb6 10. Qe2 e5 11. Nd1 exf4 12. Bxf4 Re8 13. Be3 Ng4 14. Ng5
d5 15. O-O Nxe3 16. Nxe3 Be6 17. Nxe6 fxe6 18. Rab1 Rf8 19. c3 Bh6 20. Kh1
Bxe3 21. Qxe3 Rxf1+ 22. Rxf1 Rf8 23. Rxf8+ Kxf8 24. exd5 exd5 1/2-1/2

[Event "TCh-ESP"]
[Site "Lanzarote ESP"]
[Date "2003.05.09"]
[Round "4"]
[White "Moreno Carnero,J"]
[Black "Jerez Perez,A"]
[Result "1/2-1/2"]
[WhiteElo "2504"]
[BlackElo "2415"]
[EventDate "2003.05.06"]

1. e4 e6 2. d4 d5 3. Nc3 Bb4 4. e5 c5 5. a3 Ba5 6. b4 cxd4 7. Nb5 Bc7 8. f4
Bd7 9. Nxc7+ Qxc7 10. Nf3 Ba4 11. Bd3 Ne7 12. Bb2 a6 13. O-O Nbc6 14. Nxd4
Nxd4 15. Bxd4 Bb5 16. a4 Bxd3 17. cxd3 O-O 18. a5 Qd7 19. g4 Rac8 20. Ra2
Rfe8 21. Qf3 Nc6 22. Bc5 d4 23. Qe4 Rcd8 24. Rc2 1/2-1/2

[Event "TCh-ESP"]
[Site "Lanzarote ESP"]
[Date "2003.05.09"]
[Round "4"]
[White "Vassallo,M"]
[Black "Estremera Panos,S"]
[Result "1/2-1/2"]
[WhiteElo "2440"]
[BlackElo "2370"]
[EventDate "2003.05.06"]

1. Nf3 Nf6 2. c4 b6 3. g3 c5 4. Bg2 Bb7 5. Nc3 g6 6. O-O Bg7 7. d4 cxd4 8.
Qxd4 d6 9. Rd1 Nbd7 10. Be3 a6 11. Rac1 Rb8 12. b3 O-O 13. Qh4 Re8 14. Bh6
b5 15. Ng5 Bxg2 16. Kxg2 Bxh6 17. Qxh6 bxc4 18. Rd4 cxb3 19. Rh4 Nf8 20.
Nce4 b2 21. Nxf6+ exf6 22. Nxh7 Nxh7 23. Qxh7+ Kf8 24. Qh6+ Ke7 25. Qe3+
Kd7 26. Qa7+ Ke6 27. Re4+ Kf5 28. Rf4+ Ke6 29. Qe3+ Kd7 30. Qa7+ Ke6 31.
Re4+ Kf5 32. Rf4+ 1/2-1/2

[Event "TCh-ESP"]
[Site "Lanzarote ESP"]
[Date "2003.05.09"]
[Round "4"]
[White "Sanz Alonso,F"]
[Black "Barrero Garcia,C"]
[Result "0-1"]
[WhiteElo "2406"]
[BlackElo "2327"]
[EventDate "2003.05.06"]

1. e4 e6 2. d4 d5 3. Nd2 Nf6 4. e5 Nfd7 5. c3 c5 6. f4 Nc6 7. Ndf3 Qb6 8.
h4 cxd4 9. cxd4 Bb4+ 10. Kf2 Be7 11. Rb1 f6 12. Be3 a5 13. a3 O-O 14. Bd3
fxe5 15. dxe5 Bc5 16. Bxc5 Nxc5 17. Ke1 Rxf4 18. Ne2 Nxd3+ 19. Qxd3 Re4 20.
Rf1 Bd7 21. Kd2 Nxe5 22. Nxe5 Bb5 23. Nd7 Rxe2+ 0-1

[Event "TCh-ESP"]
[Site "Lanzarote ESP"]
[Date "2003.05.10"]
[Round "5"]
[White "Korneev,O"]
[Black "Campos Moreno,J"]
[Result "1-0"]
[WhiteElo "2606"]
[BlackElo "2480"]
[EventDate "2003.05.06"]

1. e4 c5 2. Nf3 Nc6 3. d4 cxd4 4. Nxd4 Nf6 5. Nc3 d6 6. Bg5 e6 7. Qd2 Qb6
8. Nb3 a6 9. O-O-O Be7 10. f3 O-O 11. h4 Qc7 12. h5 h6 13. Be3 b5 14. g4
Ne5 15. Rh3 Bd7 16. g5 b4 17. gxf6 bxc3 18. Qxc3 Qxc3 19. bxc3 Bxf6 20. f4
Ng4 21. e5 Nxe3 22. Rxe3 Be7 23. exd6 Bh4 24. c4 Rfc8 25. c5 a5 26. Rc3 Bf6
27. Rc4 Bb5 28. a4 Bxc4 29. Bxc4 e5 30. fxe5 Bxe5 31. Rd5 Bg3 32. Nd4 1-0

[Event "TCh-ESP"]
[Site "Lanzarote ESP"]
[Date "2003.05.10"]
[Round "5"]
[White "Graf,A"]
[Black "Marin,M"]
[Result "1-0"]
[WhiteElo "2630"]
[BlackElo "2568"]
[EventDate "2003.05.06"]

1. d4 Nf6 2. c4 e6 3. Nf3 c5 4. d5 d6 5. Nc3 exd5 6. cxd5 g6 7. e4 a6 8. h3
b5 9. Bd3 Bg7 10. O-O O-O 11. Re1 Nbd7 12. Bf4 Qe7 13. Rc1 Bb7 14. b3 Nh5
15. Be3 Rae8 16. Qd2 Ne5 17. Be2 f5 18. Nxe5 f4 19. Nc6 Bxc6 20. Bxc5 Bd7
21. Bxh5 dxc5 22. Bf3 Be5 23. d6 Qg5 24. Nd5 Re6 25. Ne7+ Kg7 26. Rxc5 Rff6
27. Qd5 Qh4 28. Rc7 Bxd6 29. Rxd7 Bxe7 30. e5 Kh6 31. Rf1 Bc5 32. Qxc5 1-0

[Event "TCh-ESP"]
[Site "Lanzarote ESP"]
[Date "2003.05.10"]
[Round "5"]
[White "Teran Alvarez,I"]
[Black "Hector,J"]
[Result "*"]
[WhiteElo "2385"]
[BlackElo "2553"]
[EventDate "2003.05.06"]

1. e4 e5 2. Nf3 Nc6 3. Bb5 Bb4 4. O-O Nge7 5. c3 Ba5 6. Qa4 O-O 7. Nxe5
Nxe5 8. Qxa5 b6 9. Qa4 Bb7 10. d4 a6 11. Be2 N5g6 12. Qc2 f5 13. Bd3 fxe4
14. Bxe4 Bxe4 15. Qxe4 Nf5 16. Nd2 Nd6 17. Qd5+ Kh8 18. Ne4 Nf5 19. Bg5 Qc8
20. Ng3 d6 21. Rae1 h6 22. Bc1 Ngh4 23. Qe6 Qb7 24. Qe4 d5 25. Qg4 c5 26.
Nxf5 Nxf5 27. Re5 Qf7 28. f3 cxd4 29. cxd4 Rac8 30. Bd2 Rc4 31. b3 Rc6 32.
Bb4 Rg6 33. Qf4 Nd6 34. Qxf7 Rxf7 35. Rxd5 Nf5 36. Rd8+ Kh7 37. g3 Rc7 38.
Re8 Nxd4 39. Kg2 Rgc6 40. Rf2 Rc2 41. Re4 *